Brady Noon Filmography - Statistics

General Stats
  • This quiz has been taken 23 times
    3 since last reset
  • The average score is 7 of 15
Answer Stats
Type Year Name % Correct
Film 2021 Diary of a Wimpy Kid
100%
Film 2019 Good Boys
100%
Film 2023 Teenage Mutant Ninja Turtles: Mutant Mayhem
100%
Film 2023 Crater
67%
Film 2022 Diary of a Wimpy Kid: Rodrick Rules
67%
Film 2023 Family Switch
67%
Film 2022 Marry Me
67%
TV Show 2010-2013 Boardwalk Empire
33%
Film TBA Mother and Me
33%
Web Series 2024 Tales of the Teenage Mutant Ninja Turtles
33%
Video Game 2024 Teenage Mutant Ninja Turtles: Mutants Unleashed
33%
Web Series 2021-2022 The Mighty Ducks: Game Changers
33%
TV Show 2023 Dancing with the Stars
0%
Short Film 2024 Peppermint Spiral
0%
TV Show 2023 Saturday Mash-Up!
0%
No matching quizzes found
Score Distribution
Percent of People with Each Score
Percentile by Number Answered
Your Score History
You have not taken this quiz since the last reset